000 00837nam a2200265Ia 4500
001 Para_6999
003 CHAP
008 220125s1987 xx 000 0 und d
010 _a205745
040 _cCHAP
090 _aPA FOLLETO 873
110 _aUACh. Dirección Académica
_9115913
245 _aResúmenes :
_b cuarta presentación de trabajos de investigación agrícola en el campo experimental /
_c por UACh. Dirección Académica
260 _aChapingo, Méx. :
_b La Universidad
300 _a42 p.
650 _aAgricultura
_x investigación
_91577
650 _aUniversidades
_x Chapingo, Méx.
_x investigación
_9171194
901 _aPA FOLLETO 873
902 _aA
905 _a0000001987 0000000000 00
910 _a1987
942 _cPARA
942 _cPARA
_d1
999 _c205745
_d205745